000 nam a22 7a 4500
999 _c8369
_d8369
008 180116b ||||| |||| 00| 0 eng d
100 _94783
_aGOYAL BROTHERS
245 _aSOCIAL SCIENCE-V
260 _aNEW DELHI
_bGOYAL BROTHERS
_c2016